|
|
|
|
| LEADER |
01244nam a2200229 a 4500 |
| 008 |
091226s19911986nyua 000 0 eng d |
| 040 |
|
|
|a DLC
|c DLC
|d DLC
|c BD-DhAAL
|
| 082 |
0 |
0 |
|a 909
|2 19
|
| 245 |
0 |
0 |
|a World civilizations, their history and their culture /
|c Edward McNall Burns ... [et al.].
|
| 250 |
|
|
|a 7th ed.
|
| 260 |
|
|
|a New York, N.Y. :
|b W.W. Norton, ;
|a New Delhi ;
|a Goyl Saab,
|c c1986.[Reprinted 1991]
|
| 300 |
|
|
|a xiv,486 p. :
|b ill. (some col.) ;
|c 30 cm.
|
| 362 |
0 |
|
|a Vol. A.
|
| 541 |
1 |
|
|e 00010658
|
| 650 |
|
0 |
|a Civilization
|x History.
|
| 700 |
1 |
|
|a Burns, Edward McNall,
|d 1897-
|
| 852 |
4 |
|
|a Ayesha Abed Library
|j General shelf
|
| 942 |
0 |
0 |
|0 1
|
| 999 |
|
|
|c 6421
|d 6421
|
| 952 |
|
|
|0 0
|1 0
|2 ddc
|4 1
|6 909_000000000000000_WOR
|7 0
|9 6488
|a BRACUL
|b BRACUL
|c SPS
|d 2009-12-26
|g 0.00
|l 34
|m 165
|o 909 WOR
|p 3010010658
|r 2019-09-23
|s 2019-09-23
|t 1
|w 2009-12-26
|y 1HOUR
|x No price found in the accession register.
|
| 952 |
|
|
|0 0
|1 0
|2 ddc
|4 1
|6 909_000000000000000_WOR_1991
|7 0
|9 7563
|a BRACUL
|b BRACUL
|c SPS
|d 2010-01-28
|l 45
|m 205
|o 909 WOR
|p 3010010871
|r 2020-03-09
|s 2020-02-05
|t 2
|w 2010-01-28
|y BK
|
| 952 |
|
|
|0 0
|1 4
|2 ddc
|4 1
|6 909_000000000000000_WOR
|7 0
|9 7564
|a BRACUL
|b BRACUL
|c SPS
|d 2010-01-28
|l 43
|m 184
|o 909 WOR
|p 3010010660
|r 2019-11-19
|s 2019-09-18
|t 3
|w 2010-01-28
|y BK
|x Koha Inventory 2020
|